000 00320nam a2200133Ia 4500
008 240624s9999 xx 000 0 und d
041 _aeng
082 _a332.678 GRA
100 _aGRAHAM BENJAMIN
245 _aINTELLIGENT INVESTOR
260 _c2013
_aNew Delhi
_bHarperCollins
300 _a640 , p.
365 _cRS
_b25
999 _c23531
_d23531